Vector analysis with applications (Record no. 7970)

000 -LEADER
fixed length control field 00491nam a22001937a 4500
001 - CONTROL NUMBER
control field 7970
003 - CONTROL NUMBER IDENTIFIER
control field BD-DhUET
008 - FIXED-LENGTH DATA ELEMENTS--GENERAL INFORMATION
fixed length control field 141221b xxu||||| |||| 00| 0 eng d
040 ## - CATALOGING SOURCE
Transcribing agency 0
Modifying agency BD-DhUET
082 ## - DEWEY DECIMAL CLASSIFICATION NUMBER
Classification number 516.83
Item number ALI/1977
100 ## - MAIN ENTRY--PERSONAL NAME
Personal name Ali Ashraf
245 ## - TITLE STATEMENT
Title Vector analysis with applications
Statement of responsibility, etc. by Ali Ashraf
250 ## - EDITION STATEMENT
Edition statement 1st ed.
260 ## - PUBLICATION, DISTRIBUTION, ETC. (IMPRINT)
Place of publication, distribution, etc. Dhaka
Name of publisher, distributor, etc. Hafiz book centre
Date of publication, distribution, etc. 1977
300 ## - PHYSICAL DESCRIPTION
Extent 340[2]p.
Other physical details ill.
650 #0 - SUBJECT ADDED ENTRY--TOPICAL TERM
Topical term or geographic name as entry element Vector analysis
700 ## - ADDED ENTRY--PERSONAL NAME
Personal name Abdul Khaleq Hazra, Md.
942 ## - ADDED ENTRY ELEMENTS (KOHA)
Koha item type General Book
Holdings
Koha date last borrowed Copy number Date acquired Not for loan Location (home branch) Withdrawn status Koha out on loan Koha issues (times borrowed) Shelving location Sublocation or collection (holding branch) Source of classification or shelving scheme Price effective from Piece designation (barcode) Koha item type Koha full call number Koha date last seen Damaged status Lost status Koha normalized classification for sorting
2023-09-2612014-12-21 Central Library, BUET  13Circulation sectionCentral Library, BUET 2014-12-2148782General Book516.83/ALI/19772025-11-09  516_830000000000000_ALI_1977
2024-02-0422015-03-31 Central Library, BUET 2024-02-189Circulation sectionCentral Library, BUET 2015-03-3148785General Book516.83/ALI/19772024-02-04  516_830000000000000_ALI_1977
 32015-06-07 Central Library, BUET   Reading sectionCentral Library, BUET 2015-06-0756215General Book516.83/ALI/19772015-06-07  516_830000000000000_ALI_1977
 42015-06-07 Central Library, BUET   Reading sectionCentral Library, BUET 2015-06-0756213General Book516.83/ALI/19772015-06-07  516_830000000000000_ALI_1977
 52015-06-07 Central Library, BUET   Reading sectionCentral Library, BUET 2015-06-0756216General Book516.83/ALI/19772015-06-07  516_830000000000000_ALI_1977
 62015-06-07 Central Library, BUET   Reading sectionCentral Library, BUET 2015-06-0756218General Book516.83/ALI/19772015-06-07  516_830000000000000_ALI_1977
2024-10-2372015-07-12 Central Library, BUET  1Circulation sectionCentral Library, BUET 2015-07-1256212General Book516.83/ALI/19772025-11-09  516_830000000000000_ALI_1977